Moderní Business English korespondence, telefonování, jednání, prezentace, smalltalk

Na minha lista:
Detalhes bibliográficos
Autor principal: Förster, Lisa
Outros Autores: Kufner, Sabina, Helekal, Daniel
Formato: Livro
Idioma:tcheco
inglês
Publicado em: Praha GRADA Publishing 2012
Edição:1. vyd.
Assuntos:
Tags: Adicionar Tag
Sem tags, seja o primeiro a adicionar uma tag!

MARC

LEADER 00000nam a2200000 4500
001 0215049
005 20240313090120.2
020 |a 978-80-247-4432-2 
041 0 |a cze 
041 0 |a eng 
044 |a CZ 
245 1 0 |a Moderní Business English  |b korespondence, telefonování, jednání, prezentace, smalltalk  |c Lisa Förster, Sabina Kufner ; překlad: Daniel Helekal 
250 |a 1. vyd. 
264 1 |a Praha  |b GRADA Publishing  |c 2012 
300 |a 205 s. 
610 2 0 |a jazykoveda 
610 2 0 |a terminológia 
610 2 0 |a jazyky cudzie 
610 2 0 |a angličtina 
610 2 0 |a obchod 
610 2 0 |a vyjednávanie 
610 2 0 |a korešpondencia 
610 2 0 |a telefón 
610 2 0 |a prezentácia 
610 2 0 |a rozhovor 
100 1 |a Förster, Lisa 
700 1 |a Kufner, Sabina 
700 1 |a Helekal, Daniel